Choosing research methods: data collection for development workers (Record no. 6886)
[ view plain ]
| 000 -LEADER | |
|---|---|
| fixed length control field | 00581nam a2200193Ia 4500 |
| 020 ## - INTERNATIONAL STANDARD BOOK NUMBER | |
| ISBN | 9788190358033 |
| 082 ## - DEWEY DECIMAL CLASSIFICATION NUMBER | |
| Classification number | 001.42 PRA-C |
| 100 ## - MAIN ENTRY--AUTHOR NAME | |
| Personal name | Pratt, Brian |
| 245 #0 - TITLE STATEMENT | |
| Title | Choosing research methods: data collection for development workers |
| 260 ## - PUBLICATION, DISTRIBUTION, ETC. (IMPRINT) | |
| Place of publication | New Delhi |
| Name of publisher | The Publisher |
| Year of publication | 2009 |
| 300 ## - PHYSICAL DESCRIPTION | |
| Number of Pages | xiv, 146 |
| 440 ## - SERIES STATEMENT/ADDED ENTRY--TITLE | |
| Title | Development guidelines; 7 |
| 504 ## - BIBLIOGRAPHY, ETC. NOTE | |
| Bibliography, etc | includes bibliography and index |
| 650 ## - SUBJECT ADDED ENTRY--TOPICAL TERM | |
| Topical Term | Research |
| Form subdivision | Methodology |
| 650 ## - SUBJECT ADDED ENTRY--TOPICAL TERM | |
| Topical Term | Research |
| Form subdivision | Data processing |
| 650 ## - SUBJECT ADDED ENTRY--TOPICAL TERM | |
| Topical Term | Developing countries |
| Form subdivision | Social conditions |
| -- | Surveys |
| 700 ## - ADDED ENTRY--PERSONAL NAME | |
| Personal name | Loizos, Peter |
| 942 ## - ADDED ENTRY ELEMENTS (KOHA) | |
| Koha item type | Books |
| Withdrawn status | Lost status | Damaged status | Not for loan | Home library | Current library | Date acquired | Source of acquisition | Bill Date | Full call number | Accession Number | Price effective from | Koha item type |
|---|---|---|---|---|---|---|---|---|---|---|---|---|
| NASSDOC Library | NASSDOC Library | 19/11/2009 | DP | 2009-09-24 | 001.42 PRA-C | 45835 | 18/04/2019 | Books |
